[Event "Madrid ch superveteranos 2020"]
[Site "Madrid ESP"]
[Date "2020.03.09"]
[Round "1.1"]
[White "Casares Ripoll, Fernando"]
[Black "Martinez Rubio, Felipe"]
[Result "1-0"]
[WhiteElo "2103"]
[BlackElo "1669"]
[PlyCount "75"]
[EventDate "2020.03.09"]
[EventType "swiss"]
[EventRounds "9"]
[EventCountry "ESP"]
[SourceTitle "Ajedrez en Madrid"]
[Source "lmi"]
[SourceDate "2020.03.09"]
[SourceVersion "1"]
[SourceVersionDate "2020.09.01"]
[SourceQuality "1"]

1. e4 e6 2. d3 d5 3. Nd2 c5 4. g3 Nc6 5. Bg2 Nge7 6. Ngf3 dxe4 7. dxe4 b6 8.
O-O Bb7 9. Qe2 Qc7 10. Nc4 Ng6 11. Rd1 Be7 12. h4 Rd8 13. Be3 O-O 14. h5 Nge5
15. Ncxe5 Nxe5 16. Nxe5 Qxe5 17. c3 Qc7 18. f4 Rxd1+ 19. Rxd1 Rd8 20. Rd2 Rxd2
21. Qxd2 c4 22. e5 Bxg2 23. Qxg2 Qc8 24. Qe4 Bc5 25. Kf2 h6 26. g4 Bxe3+ 27.
Kxe3 a6 28. f5 exf5 29. gxf5 b5 30. e6 fxe6 31. Qxe6+ Qxe6+ 32. fxe6 Kf8 33.
Ke4 Ke7 34. Kd5 a5 35. a3 a4 36. Ke5 Ke8 37. Kd6 Kd8 38. e7+ 1-0

[Event "Madrid ch superveteranos 2020"]
[Site "Madrid ESP"]
[Date "2020.03.09"]
[Round "1.2"]
[White "Martinez De La Puente, Ignacio"]
[Black "Pastor Alonso De Prado, Alberto"]
[Result "0-1"]
[WhiteElo "1678"]
[BlackElo "2066"]
[PlyCount "80"]
[EventDate "2020.03.09"]
[EventType "swiss"]
[EventRounds "9"]
[EventCountry "ESP"]
[SourceTitle "Ajedrez en Madrid"]
[Source "lmi"]
[SourceDate "2020.03.09"]
[SourceVersion "1"]
[SourceVersionDate "2020.09.01"]
[SourceQuality "1"]

1. d4 d5 2. c4 e6 3. Nc3 Nf6 4. Bf4 c5 5. e3 cxd4 6. Qxd4 Nc6 7. Qd1 Qa5 8. Bd3
e5 9. cxd5 Nxd5 10. Bxe5 Nxe3 11. fxe3 Qxe5 12. Qe2 Bb4 13. Rc1 O-O 14. Nf3 Qh5
15. Kf2 Bg4 16. h3 Bxf3 17. Qxf3 Qh4+ 18. g3 Qh6 19. Qf4 Qxf4+ 20. exf4 Rad8
21. Rhd1 Bc5+ 22. Kg2 Be3 23. Rb1 Rfe8 24. Be4 Bd2 25. Bxc6 bxc6 26. Kf2 f5 27.
Ne2 h5 28. b4 Rd5 29. Ng1 Re4 30. a3 h4 31. gxh4 Bxf4 32. Rxd5 Be3+ 33. Kf3
cxd5 34. Ne2 d4 35. h5 Kf7 36. Ng3 Rf4+ 37. Ke2 Rf2+ 38. Ke1 d3 39. Rb3 d2+ 40.
Kd1 f4 0-1

[Event "Madrid ch superveteranos 2020"]
[Site "Madrid ESP"]
[Date "2020.03.09"]
[Round "1.3"]
[White "Gonzalez Rivera, Eduardo"]
[Black "Mendez Rodriguez, Carlos"]
[Result "1-0"]
[WhiteElo "2015"]
[BlackElo "1550"]
[PlyCount "81"]
[EventDate "2020.03.09"]
[EventType "swiss"]
[EventRounds "9"]
[EventCountry "ESP"]
[SourceTitle "Ajedrez en Madrid"]
[Source "lmi"]
[SourceDate "2020.03.09"]
[SourceVersion "1"]
[SourceVersionDate "2020.09.01"]
[SourceQuality "1"]

1. e4 c5 2. Nf3 g6 3. d4 cxd4 4. Nxd4 Bg7 5. Nc3 Nc6 6. Be3 Nf6 7. Nb3 O-O 8.
Be2 a6 9. f4 d6 10. g4 b5 11. a3 Bb7 12. g5 Nd7 13. h4 Rc8 14. Qd2 b4 15. axb4
Nxb4 16. Bf3 Nb6 17. Na5 Nc4 18. Nxc4 Rxc4 19. h5 Qc7 20. Ra3 Rc8 21. hxg6 hxg6
22. Qh2 Bxe4 23. Bxe4 Rxe4 24. Nxe4 Nxc2+ 25. Kf2 Nxa3 26. bxa3 Rb8 27. Kf3 d5
28. Nd2 d4 29. Bf2 Qc3+ 30. Ke2 Rb2 31. Rd1 e5 32. fxe5 Bxe5 33. Qh4 d3+ 34.
Ke1 Qxa3 35. Qe4 Qc3 36. Be3 a5 37. Kf1 Rb4 38. Qd5 a4 39. Nf3 Qc8 40. Qxe5
Qh3+ 41. Kf2 1-0

[Event "Madrid ch superveteranos 2020"]
[Site "Madrid ESP"]
[Date "2020.03.09"]
[Round "1.4"]
[White "De Los Rios Camacho, Juan Antonio"]
[Black "Ciuro Muñoz, Ricardo"]
[Result "0-1"]
[WhiteElo "1545"]
[BlackElo "1981"]
[PlyCount "120"]
[EventDate "2020.03.09"]
[EventType "swiss"]
[EventRounds "9"]
[EventCountry "ESP"]
[SourceTitle "Ajedrez en Madrid"]
[Source "lmi"]
[SourceDate "2020.03.09"]
[SourceVersion "1"]
[SourceVersionDate "2020.09.01"]
[SourceQuality "1"]

1. e4 e6 2. d3 d5 3. Nd2 c5 4. c3 Nc6 5. Qc2 b5 6. Ngf3 a5 7. Be2 Ba6 8. Nf1
Nf6 9. h3 Bd6 10. g4 Qc7 11. Bg5 Nd7 12. exd5 exd5 13. Ne3 Nb6 14. Nf5 f6 15.
Nxd6+ Qxd6 16. Bh4 O-O 17. Bg3 Qd7 18. Nh4 b4 19. Nf5 Rfe8 20. Kf1 Re6 21. f4
Rae8 22. Bf3 a4 23. a3 g6 24. Nh6+ Kg7 25. Bf2 Kxh6 26. Bxc5 Na5 27. Rd1 bxa3
28. Bxa3 Re3 29. Kf2 Nb3 30. Rhe1 Qe6 31. Re2 Rxe2+ 32. Qxe2 Qd7 33. Qe3 Rxe3
34. Bf8+ Qg7 35. Bxg7+ Kxg7 36. Kxe3 Kf7 37. g5 f5 38. h4 Nc5 39. h5 Ke6 40.
Be2 Nb3 41. hxg6 hxg6 42. Rh1 d4+ 43. cxd4 Nd5+ 44. Kf3 Nxd4+ 45. Kf2 Nxe2 46.
Kxe2 Nxf4+ 47. Kd2 Nxd3 48. Kc3 Nxb2 49. Kxb2 f4 50. Rc1 Kf5 51. Rc5+ Kg4 52.
Rc6 Bd3 53. Rd6 Bf5 54. Rd4 Kxg5 55. Rxa4 f3 56. Ra1 Bh3 57. Ra5+ Kg4 58. Ra4+
Kg3 59. Ra5 Bf5 60. Ra3 Kg2 0-1

[Event "Madrid ch superveteranos 2020"]
[Site "Madrid ESP"]
[Date "2020.03.09"]
[Round "1.5"]
[White "Perez Agusti, Luis"]
[Black "Ghavami, Mahmoud"]
[Result "1-0"]
[WhiteElo "1880"]
[BlackElo "1519"]
[PlyCount "80"]
[EventDate "2020.03.09"]
[EventType "swiss"]
[EventRounds "9"]
[EventCountry "ESP"]
[SourceTitle "Ajedrez en Madrid"]
[Source "lmi"]
[SourceDate "2020.03.09"]
[SourceVersion "1"]
[SourceVersionDate "2020.09.01"]
[SourceQuality "1"]

1. d4 Nf6 2. Nf3 e6 3. Bg5 d5 4. e3 Nbd7 5. Bd3 Bd6 6. O-O c6 7. c4 dxc4 8.
Bxc4 Qc7 9. Nc3 h6 10. Bxf6 gxf6 11. Rc1 Nb6 12. Be2 Qe7 13. e4 Bf4 14. Rb1 Bd7
15. a4 a5 16. g3 Bc7 17. Qc2 Rc8 18. Qb3 Qb4 19. Qa2 e5 20. Rfd1 Be6 21. d5
cxd5 22. Bb5+ Kf8 23. exd5 Bg4 24. Be2 Rd8 25. Kg2 h5 26. Qa3 Bd6 27. Nb5 e4
28. Ng1 Bxe2 29. Nxe2 Nc4 30. Qxb4 Bxb4 31. h4 Ke7 32. Rd4 Nd6 33. Nxd6 Kxd6
34. Rxe4 Kxd5 35. Kf3 Rhe8 36. Rd1+ Kc5 37. Rc1+ Kb6 38. Rxe8 Rxe8 39. Nf4 Bd2
40. Nd5+ Ka6 1-0

[Event "Madrid ch superveteranos 2020"]
[Site "Madrid ESP"]
[Date "2020.03.09"]
[Round "1.6"]
[White "Martinez Carrasco, Jesus"]
[Black "Viñas Lopez, Carlos"]
[Result "0-1"]
[WhiteElo "1509"]
[BlackElo "1848"]
[PlyCount "106"]
[EventDate "2020.03.09"]
[EventType "swiss"]
[EventRounds "9"]
[EventCountry "ESP"]
[SourceTitle "Ajedrez en Madrid"]
[Source "lmi"]
[SourceDate "2020.03.09"]
[SourceVersion "1"]
[SourceVersionDate "2020.09.01"]
[SourceQuality "1"]

1. d4 Nf6 2. c4 e6 3. Nc3 Bb4 4. Qc2 Nc6 5. e3 O-O 6. Nf3 d6 7. Bd3 e5 8. O-O
Bxc3 9. bxc3 Re8 10. e4 exd4 11. Nxd4 Ne5 12. Be2 Ned7 13. f3 h6 14. Be3 Nc5
15. Nb3 b6 16. Rad1 Bd7 17. Nxc5 bxc5 18. Bd3 Qc8 19. h3 Qa6 20. Kh2 Ba4 21.
Qf2 Bxd1 22. Rxd1 Kf8 23. g4 Qa4 24. Rg1 Ng8 25. f4 Qc6 26. Qf3 Rab8 27. Rg2
Nf6 28. g5 hxg5 29. fxg5 Nd7 30. g6 Ne5 31. Qf5 Qd7 32. Qxd7 Nxd7 33. gxf7 Kxf7
34. Rf2+ Kg8 35. Rg2 Kh8 36. h4 Ne5 37. Be2 Rb2 38. a4 Rc2 39. h5 Rb8 40. Bd1
Rxg2+ 41. Kxg2 Nxc4 42. Bg5 Rb1 43. Bg4 Rb2+ 44. Kf3 Ne5+ 45. Kg3 Nxg4 46. Kxg4
Rc2 47. Bd8 Rxc3 48. Bxc7 Rc4 49. Kf5 Rd4 50. a5 c4 51. e5 dxe5 52. Bxe5 Rd5
53. Ke6 Rxe5+ 0-1

[Event "Madrid ch superveteranos 2020"]
[Site "Madrid ESP"]
[Date "2020.03.09"]
[Round "1.7"]
[White "Martin Garcia, Luis I"]
[Black "Fernandez-Bujarrabal V, Pedro"]
[Result "1-0"]
[WhiteElo "1834"]
[BlackElo "1489"]
[PlyCount "73"]
[EventDate "2020.03.09"]
[EventType "swiss"]
[EventRounds "9"]
[EventCountry "ESP"]
[SourceTitle "Ajedrez en Madrid"]
[Source "lmi"]
[SourceDate "2020.03.09"]
[SourceVersion "1"]
[SourceVersionDate "2020.09.01"]
[SourceQuality "1"]

1. e4 e5 2. Nf3 Nc6 3. Bb5 a6 4. Ba4 b5 5. Bb3 Nf6 6. O-O Be7 7. Re1 O-O 8. c3
d5 9. exd5 Nxd5 10. Nxe5 Nxe5 11. Rxe5 c6 12. d4 Bd6 13. Re1 Qh4 14. g3 Qh3 15.
Be3 Bg4 16. Qd3 Nxe3 17. Rxe3 Rae8 18. Nd2 Kh8 19. Rae1 Bf5 20. Qf1 Rxe3 21.
Rxe3 Qh6 22. Qe1 g5 23. Nf3 f6 24. Be6 Bg6 25. Bd7 c5 26. Re6 Bb8 27. dxc5 Qh5
28. Nd4 f5 29. Qe2 g4 30. Nc6 Bc7 31. Qe3 h6 32. Ne7 Rg8 33. Qd4+ Kh7 34. Nxg6
Rxg6 35. Re7+ Kg8 36. Be6+ Rxe6 37. Qg7# 1-0

[Event "Madrid ch superveteranos 2020"]
[Site "Madrid ESP"]
[Date "2020.03.09"]
[Round "1.8"]
[White "Rodriguez Bachiller, Luis"]
[Black "Fernandez Garcia, Ignacio"]
[Result "0-1"]
[WhiteElo "1496"]
[BlackElo "1803"]
[PlyCount "54"]
[EventDate "2020.03.09"]
[EventType "swiss"]
[EventRounds "9"]
[EventCountry "ESP"]
[SourceTitle "Ajedrez en Madrid"]
[Source "lmi"]
[SourceDate "2020.03.09"]
[SourceVersion "1"]
[SourceVersionDate "2020.09.01"]
[SourceQuality "1"]

1. d4 d5 2. Bf4 Nf6 3. e3 Bf5 4. Nd2 Nc6 5. c3 a6 6. Ngf3 e6 7. Be2 h6 8. Ne5
Bd6 9. Ndf3 g5 10. Nxc6 bxc6 11. Bg3 Ne4 12. Qa4 Qd7 13. Ne5 Bxe5 14. Bxe5 O-O
15. h3 Rfb8 16. b4 Nxc3 17. Qb3 Nxe2 18. Kxe2 a5 19. a3 c5 20. dxc5 Qb5+ 21.
Kf3 Rb7 22. Rhc1 c6 23. Qc3 Kh7 24. h4 Be4+ 25. Kg3 gxh4+ 26. Kxh4 Qe2 27. Kg3
Rg8+ 0-1

[Event "Madrid ch superveteranos 2020"]
[Site "Madrid ESP"]
[Date "2020.03.09"]
[Round "1.9"]
[White "Garcia Esteban, Ignacio"]
[Black "Garcia Marin, Blas"]
[Result "1-0"]
[WhiteElo "1791"]
[BlackElo "1441"]
[PlyCount "81"]
[EventDate "2020.03.09"]
[EventType "swiss"]
[EventRounds "9"]
[EventCountry "ESP"]
[SourceTitle "Ajedrez en Madrid"]
[Source "lmi"]
[SourceDate "2020.03.09"]
[SourceVersion "1"]
[SourceVersionDate "2020.09.01"]
[SourceQuality "1"]

1. e4 e6 2. d4 d5 3. Nd2 c5 4. Ngf3 b6 5. c3 dxe4 6. Nxe4 Bb7 7. Bb5+ Bc6 8.
Bd3 Nf6 9. Bg5 Nbd7 10. Ne5 Qc7 11. Nxc6 Qxc6 12. Bxf6 Nxf6 13. Qe2 Nd7 14.
dxc5 Bxc5 15. Bb5 Qc7 16. Nxc5 Qxc5 17. Rd1 Rd8 18. O-O O-O 19. Rxd7 Rxd7 20.
Bxd7 Qd5 21. Rd1 Qxa2 22. Bb5 g6 23. h3 Rc8 24. Rd7 Qb1+ 25. Kh2 Qf5 26. g3 Rc5
27. Rd8+ Kg7 28. Bd3 Qf6 29. Rd4 e5 30. Rc4 Ra5 31. b4 Ra1 32. Kg2 Qg5 33. h4
Qc1 34. Qxe5+ Kh6 35. Qf4+ Kg7 36. Qxc1 Rxc1 37. Rc7 a5 38. bxa5 bxa5 39. Bb5
Re1 40. c4 Re6 41. Ra7 1-0

[Event "Madrid ch superveteranos 2020"]
[Site "Madrid ESP"]
[Date "2020.03.09"]
[Round "1.10"]
[White "Ramos Antona, Enrique"]
[Black "Pashov, Spas Nikolov"]
[Result "0-1"]
[WhiteElo "1453"]
[BlackElo "1808"]
[PlyCount "95"]
[EventDate "2020.03.09"]
[EventType "swiss"]
[EventRounds "9"]
[EventCountry "ESP"]
[SourceTitle "Ajedrez en Madrid"]
[Source "lmi"]
[SourceDate "2020.03.09"]
[SourceVersion "1"]
[SourceVersionDate "2020.09.01"]
[SourceQuality "1"]

1. d4 Nf6 2. c4 g6 3. g3 Bg7 4. Bg2 d5 5. Nc3 c6 6. Nf3 O-O 7. O-O Bf5 8. Qb3
b6 9. Bg5 Be4 10. Bxf6 Bxf6 11. e3 Nd7 12. cxd5 cxd5 13. Nb5 e6 14. Rfd1 a6 15.
Nc3 Bxf3 16. Bxf3 b5 17. e4 dxe4 18. Nxe4 Ra7 19. Nxf6+ Nxf6 20. a4 bxa4 21.
Rxa4 a5 22. Qd3 Qb6 23. b3 Rd8 24. Qe3 Nd5 25. Bxd5 Rxd5 26. Rc4 Rad7 27. Rdc1
Rd8 28. Rc8 Qxd4 29. Qxd4 Rxd4 30. Rxd8+ Rxd8 31. Rc2 Kg7 32. Kf1 Kf6 33. Ke2
h6 34. Rc3 Ke5 35. Rc5+ Rd5 36. Rc3 h5 37. h4 f6 38. Re3+ Kd6 39. f3 Re5 40. f4
Rxe3+ 41. Kxe3 Kd5 42. Kd3 Kc5 43. Kc3 e5 44. fxe5 fxe5 45. Kd3 Kd5 46. Ke3 e4
47. Kf4 Kd4 48. Kg5 0-1

[Event "Madrid ch superveteranos 2020"]
[Site "Madrid ESP"]
[Date "2020.03.09"]
[Round "1.11"]
[White "Barahona Torrijos, Angel"]
[Black "Salgado Duarte, Pablo"]
[Result "1-0"]
[WhiteElo "1807"]
[BlackElo "1446"]
[PlyCount "87"]
[EventDate "2020.03.09"]
[EventType "swiss"]
[EventRounds "9"]
[EventCountry "ESP"]
[SourceTitle "Ajedrez en Madrid"]
[Source "lmi"]
[SourceDate "2020.03.09"]
[SourceVersion "1"]
[SourceVersionDate "2020.09.01"]
[SourceQuality "1"]

1. e4 e5 2. Nf3 d6 3. Nc3 Nc6 4. Bb5 Bd7 5. O-O Nf6 6. d4 exd4 7. Nxd4 Nxd4 8.
Bxd7+ Qxd7 9. Qxd4 Be7 10. Bg5 c5 11. Qd3 O-O 12. e5 Ne8 13. Bf4 Rd8 14. Rad1
Qe6 15. Nd5 Rd7 16. Nxe7+ Rxe7 17. exd6 Rd7 18. Rfe1 Qxa2 19. Re7 Qa4 20. Qf5
Nf6 21. b3 Qc6 22. Rxd7 Qxd7 23. Qxc5 Rc8 24. Qxa7 Rxc2 25. Qe3 Qg4 26. Ra1 Ra2
27. Re1 h5 28. h3 Qf5 29. Bg3 Ra8 30. Qb6 Qd5 31. Re5 Qd1+ 32. Kh2 Ra1 33. Bh4
Qh1+ 34. Kg3 Rg1 35. Qxb7 Rd1 36. Bxf6 gxf6 37. Re8+ Kg7 38. Re7 Rd3+ 39. Kh4
Rd4+ 40. Kg3 Rd3+ 41. f3 Kh6 42. Qe4 Qd1 43. Rxf7 h4+ 44. Qxh4+ 1-0

[Event "Madrid ch superveteranos 2020"]
[Site "Madrid ESP"]
[Date "2020.03.09"]
[Round "1.12"]
[White "Beekhof Harmsen, Willen"]
[Black "Lopez Heras, Arturo"]
[Result "0-1"]
[WhiteElo "1437"]
[BlackElo "1750"]
[PlyCount "70"]
[EventDate "2020.03.09"]
[EventType "swiss"]
[EventRounds "9"]
[EventCountry "ESP"]
[SourceTitle "Ajedrez en Madrid"]
[Source "lmi"]
[SourceDate "2020.03.09"]
[SourceVersion "1"]
[SourceVersionDate "2020.09.01"]
[SourceQuality "1"]

1. e4 g6 2. f4 d6 3. Nf3 Bg7 4. Nc3 c6 5. Bc4 Nf6 6. O-O b5 7. Bd3 O-O 8. e5
Ng4 9. Ne4 dxe5 10. h3 Nf6 11. fxe5 Nd5 12. c3 Bf5 13. Nh4 Bxe4 14. Bxe4 Bxe5
15. d4 Bg7 16. a4 e5 17. Nf3 exd4 18. Nxd4 Nf6 19. Bf3 bxa4 20. Rxa4 a5 21.
Nxc6 Nxc6 22. Bxc6 Qb6+ 23. Rf2 Qxc6 24. Qf1 Qxa4 25. Be3 Rad8 26. Bd4 Rxd4 27.
cxd4 Qxd4 28. Kh2 Qe5+ 29. g3 Ne4 30. Rg2 Rd8 31. Qe1 Rd3 32. Re2 f5 33. Kg2
Qxg3+ 34. Qxg3 Rxg3+ 35. Kh2 Rb3 0-1

[Event "Madrid ch superveteranos 2020"]
[Site "Madrid ESP"]
[Date "2020.03.09"]
[Round "1.14"]
[White "Rufo Yebra, Benito"]
[Black "Corredor Gonzalez, Angel L."]
[Result "0-1"]
[WhiteElo "1360"]
[BlackElo "1746"]
[PlyCount "90"]
[EventDate "2020.03.09"]
[EventType "swiss"]
[EventRounds "9"]
[EventCountry "ESP"]
[SourceTitle "Ajedrez en Madrid"]
[Source "lmi"]
[SourceDate "2020.03.09"]
[SourceVersion "1"]
[SourceVersionDate "2020.09.01"]
[SourceQuality "1"]

1. d4 Nf6 2. Nc3 d5 3. e3 Nc6 4. a3 g6 5. Nf3 Bg7 6. Bd3 O-O 7. h3 Re8 8. O-O
e5 9. Bb5 exd4 10. Nxd4 Bd7 11. Bxc6 bxc6 12. Nf3 Qc8 13. Nh2 Re5 14. Ne2 Bxh3
15. gxh3 Qxh3 16. Ng3 h5 17. Qf3 h4 18. Ne2 Qd7 19. Kh1 Rae8 20. Rg1 Ne4 21.
Nf4 g5 22. Nh5 Rf5 23. Nf4 gxf4 24. exf4 Kf8 25. Qg2 Bd4 26. Be3 Bxe3 27. fxe3
Ng3+ 28. Qxg3 hxg3 29. Rxg3 Qe7 30. Rf1 Qe4+ 31. Rff3 Rh5 32. Kg1 Ke7 33. Ng4
Reh8 34. Nf2 Qxc2 35. Rh3 Qe2 36. Rxh5 Rxh5 37. Rg3 Qxb2 38. Rg5 Qc1+ 39. Kg2
Rxg5+ 40. fxg5 Qxe3 41. Nh3 d4 42. g6 fxg6 43. Ng1 d3 44. Nf3 d2 45. Nxd2 Qxd2+
0-1

[Event "Madrid ch superveteranos 2020"]
[Site "Madrid ESP"]
[Date "2020.03.09"]
[Round "1.15"]
[White "Ortiz Landeira, Jose Antonio"]
[Black "Perales Hernandez, Manuel"]
[Result "1-0"]
[WhiteElo "1751"]
[BlackElo "1348"]
[PlyCount "99"]
[EventDate "2020.03.09"]
[EventType "swiss"]
[EventRounds "9"]
[EventCountry "ESP"]
[SourceTitle "Ajedrez en Madrid"]
[Source "lmi"]
[SourceDate "2020.03.09"]
[SourceVersion "1"]
[SourceVersionDate "2020.09.01"]
[SourceQuality "1"]

1. c4 e5 2. Nc3 c6 3. d4 exd4 4. Qxd4 c5 5. Qd1 Nc6 6. g3 Be7 7. Bg2 Nf6 8. a3
Na5 9. b3 Qb6 10. Rb1 d6 11. Qc2 Be6 12. e4 h6 13. Nge2 Nc6 14. O-O O-O-O 15.
Nd5 Bxd5 16. exd5 Ne5 17. Bb2 g5 18. Bxe5 dxe5 19. Qf5+ Kb8 20. Qxe5+ Qd6 21.
Qxd6+ Bxd6 22. Nc3 a6 23. Rfe1 Rde8 24. Kf1 Ng4 25. h3 Ne5 26. Rbd1 f6 27. Re3
f5 28. Rde1 Kc7 29. f4 Kd7 30. fxe5 Bxe5 31. Rxe5 f4 32. Rxe8 Rxe8 33. Rxe8
Kxe8 34. gxf4 gxf4 35. Na4 Kd7 36. Nxc5+ Kc7 37. Ne6+ Kd6 38. Nxf4 b5 39. Nd3
bxc4 40. bxc4 a5 41. c5+ Kd7 42. a4 Kc7 43. Ne5 Kc8 44. d6 Kd8 45. c6 Ke8 46.
c7 Kf8 47. c8=Q+ Kg7 48. Qf5 h5 49. Qg6+ Kf8 50. Qf7# 1-0

[Event "Madrid ch superveteranos 2020"]
[Site "Madrid ESP"]
[Date "2020.03.09"]
[Round "1.16"]
[White "Rodriguez Agarrabeitia, Juan A."]
[Black "Martin Vazquez, Jose Luis"]
[Result "0-1"]
[WhiteElo "1313"]
[BlackElo "1741"]
[PlyCount "62"]
[EventDate "2020.03.09"]
[EventType "swiss"]
[EventRounds "9"]
[EventCountry "ESP"]
[SourceTitle "Ajedrez en Madrid"]
[Source "lmi"]
[SourceDate "2020.03.09"]
[SourceVersion "1"]
[SourceVersionDate "2020.09.01"]
[SourceQuality "1"]

1. e4 c5 2. Nf3 Nc6 3. d4 cxd4 4. Nxd4 g6 5. Nc3 Bg7 6. Nf3 Nf6 7. Bd3 O-O 8.
O-O d5 9. e5 Ng4 10. Bf4 Ngxe5 11. Bxe5 Nxe5 12. Be2 e6 13. Qd2 Nxf3+ 14. Bxf3
Qc7 15. Nb5 Qc5 16. Be2 Bxb2 17. Rab1 Bg7 18. Rb3 a6 19. Qe3 Qxe3 20. fxe3 axb5
21. a3 Bd7 22. Bd3 Bc6 23. c3 Ra5 24. Re1 Rfa8 25. e4 Rxa3 26. Bc2 Bxc3 27. Re2
Bd4+ 28. Kh1 Rxb3 29. Bxb3 Ra1+ 30. Bd1 Rxd1+ 31. Re1 Rxe1# 0-1

[Event "Madrid ch superveteranos 2020"]
[Site "Madrid ESP"]
[Date "2020.03.09"]
[Round "1.17"]
[White "Pardo Robles, Jose Manuel"]
[Black "Martin Rodriguez, Jose Luis"]
[Result "1-0"]
[WhiteElo "1688"]
[BlackElo "1181"]
[PlyCount "75"]
[EventDate "2020.03.09"]
[EventType "swiss"]
[EventRounds "9"]
[EventCountry "ESP"]
[SourceTitle "Ajedrez en Madrid"]
[Source "lmi"]
[SourceDate "2020.03.09"]
[SourceVersion "1"]
[SourceVersionDate "2020.09.01"]
[SourceQuality "1"]

1. e4 e6 2. d4 d5 3. Nc3 Nf6 4. Bg5 Be7 5. e5 Nfd7 6. Bxe7 Qxe7 7. f4 a6 8. Nf3
c5 9. dxc5 Nxc5 10. Bd3 Nxd3+ 11. cxd3 Nc6 12. Ne2 Bd7 13. O-O Rc8 14. Rc1 O-O
15. Qd2 Qb4 16. a3 Qxd2 17. Nxd2 Ne7 18. Nd4 Rxc1 19. Rxc1 Rc8 20. Rxc8+ Bxc8
21. b4 Nc6 22. Nxc6 bxc6 23. Nb3 Kf8 24. Na5 Bd7 25. Kf2 Ke7 26. Ke3 f6 27. Kd4
Kd8 28. Kc5 Kc7 29. Nb3 h6 30. Nd4 f5 31. h4 h5 32. g3 g6 33. a4 Kb7 34. Kd6
Kc8 35. Nxe6 Bxe6 36. Kxe6 Kc7 37. Kf6 d4 38. e6 1-0

[Event "Madrid ch superveteranos 2020"]
[Site "Madrid ESP"]
[Date "2020.08.25"]
[Round "2.1"]
[White "Fernandez Garcia, Ignacio"]
[Black "Casares Ripoll, Fernando"]
[Result "1/2-1/2"]
[WhiteElo "1803"]
[BlackElo "2103"]
[PlyCount "66"]
[EventDate "2020.03.09"]
[EventType "swiss"]
[EventRounds "9"]
[EventCountry "ESP"]
[SourceTitle "Ajedrez en Madrid"]
[Source "lmi"]
[SourceDate "2020.03.09"]
[SourceVersion "1"]
[SourceVersionDate "2020.09.01"]
[SourceQuality "1"]

1. e4 d5 2. exd5 Nf6 3. Bb5+ Bd7 4. Bxd7+ Qxd7 5. Nc3 Nxd5 6. Nxd5 Qxd5 7. Qf3
e6 8. d3 Nc6 9. Qxd5 exd5 10. Nf3 O-O-O 11. O-O Bc5 12. Bd2 Rhe8 13. Rfe1 f6
14. Kf1 Ne5 15. Nxe5 fxe5 16. Be3 Bb6 17. Bxb6 axb6 18. Re3 Kd7 19. Rae1 Kd6
20. g3 g5 21. Kg2 Re6 22. d4 e4 23. f3 exf3+ 24. Kxf3 Rf8+ 25. Kg2 Ref6 26.
R1e2 b5 27. a3 b6 28. Rb3 c6 29. Rbe3 h6 30. Re7 R8f7 31. Re8 c5 32. c3 Rf8 33.
R8e7 R8f7 1/2-1/2

[Event "Madrid ch superveteranos 2020"]
[Site "Madrid ESP"]
[Date "2020.08.25"]
[Round "2.2"]
[White "Ramos Isasi, Jose Luis"]
[Black "Gonzalez Rivera, Eduardo"]
[Result "0-1"]
[WhiteElo "1766"]
[BlackElo "2015"]
[PlyCount "68"]
[EventDate "2020.03.09"]
[EventType "swiss"]
[EventRounds "9"]
[EventCountry "ESP"]
[SourceTitle "Ajedrez en Madrid"]
[Source "lmi"]
[SourceDate "2020.03.09"]
[SourceVersion "1"]
[SourceVersionDate "2020.09.01"]
[SourceQuality "1"]

1. d4 d5 2. c4 c6 3. e3 Nf6 4. Nc3 e6 5. Nf3 Nbd7 6. cxd5 exd5 7. Bd3 Bd6 8.
O-O O-O 9. Qc2 Re8 10. h3 Nf8 11. b3 b6 12. Bb2 Bb7 13. Rac1 Rc8 14. Bf5 Rc7
15. Ne5 Ba6 16. Bd3 Bxd3 17. Nxd3 Ng6 18. Qd2 Rc8 19. a3 Bb8 20. b4 Qd6 21. f4
Ne4 22. Nxe4 Rxe4 23. Ne5 f6 24. Ng4 Rce8 25. Rce1 Qe7 26. Qc3 h5 27. Nf2 Rxe3
28. Rxe3 Qxe3 29. Qxc6 Nxf4 30. Kh1 Rd8 31. Bc1 Qg3 32. Bxf4 Bxf4 33. Ng4 hxg4
34. Qe6+ Kh8 0-1

[Event "Madrid ch superveteranos 2020"]
[Site "Madrid ESP"]
[Date "2020.08.25"]
[Round "2.6"]
[White "Martin Vazquez, Jose Luis"]
[Black "Barahona Torrijos, Angel"]
[Result "0-1"]
[WhiteElo "1741"]
[BlackElo "1807"]
[PlyCount "110"]
[EventDate "2020.03.09"]
[EventType "swiss"]
[EventRounds "9"]
[EventCountry "ESP"]
[SourceTitle "Ajedrez en Madrid"]
[Source "lmi"]
[SourceDate "2020.03.09"]
[SourceVersion "1"]
[SourceVersionDate "2020.09.01"]
[SourceQuality "1"]

1. e4 e5 2. Nf3 Nc6 3. d4 exd4 4. Nxd4 Bc5 5. Be3 Qf6 6. Nb5 Bxe3 7. fxe3 Qe5
8. N1c3 a6 9. Nd4 Nf6 10. Nf3 Qa5 11. Qd2 O-O 12. Nd5 Qxd2+ 13. Nxd2 Nxd5 14.
exd5 Nb4 15. O-O-O Nxd5 16. Nc4 Nf6 17. Nd2 d5 18. Be2 Re8 19. Nf1 c6 20. Bf3
Ng4 21. Rd2 Bf5 22. Bxg4 Bxg4 23. Rd4 Bf5 24. Ng3 Be4 25. Nxe4 dxe4 26. Rd7
Rab8 27. Rf1 f6 28. Rf4 Re5 29. c4 b5 30. Rd6 Rc8 31. b3 Re7 32. Rd4 Rce8 33.
Rd6 Re6 34. Rd4 Kf7 35. c5 g5 36. Rf2 Re5 37. b4 Rd5 38. Rfd2 Ke6 39. Rxe4+ Re5
40. Rd6+ Kf5 41. Rxe5+ Rxe5 42. Kd2 Re6 43. g4+ Ke5 44. Rd4 f5 45. gxf5 Kxf5
46. Kd3 Rh6 47. e4+ Ke5 48. Rd8 Rh3+ 49. Kc2 Rxh2+ 50. Kb3 Rh6 51. Ra8 g4 52.
Rg8 Rg6 53. Re8+ Kf6 54. Rf8+ Ke7 55. Rf1 h5 0-1

[Event "Madrid ch superveteranos 2020"]
[Site "Madrid ESP"]
[Date "2020.08.25"]
[Round "2.7"]
[White "Ramos Antona, Enrique"]
[Black "Martinez De La Puente, Ignacio"]
[Result "0-1"]
[WhiteElo "1453"]
[BlackElo "1678"]
[PlyCount "84"]
[EventDate "2020.03.09"]
[EventType "swiss"]
[EventRounds "9"]
[EventCountry "ESP"]
[SourceTitle "Ajedrez en Madrid"]
[Source "lmi"]
[SourceDate "2020.03.09"]
[SourceVersion "1"]
[SourceVersionDate "2020.09.01"]
[SourceQuality "1"]

1. d4 d5 2. c4 c6 3. Nf3 Bf5 4. Nc3 Nf6 5. cxd5 cxd5 6. Bg5 Nbd7 7. Qb3 Nb6 8.
e3 a6 9. a4 e6 10. Bxf6 gxf6 11. Nh4 Bg6 12. Rc1 Rb8 13. Nxg6 hxg6 14. g3 Bd6
15. Bg2 f5 16. Ne2 Nc4 17. O-O Nd2 18. Qc2 Nxf1 19. Bxf1 O-O 20. Nf4 Bxf4 21.
gxf4 Rc8 22. Qd2 Rxc1 23. Qxc1 Qd7 24. b3 Rc8 25. Qd2 Qc7 26. Bd3 Qc3 27. Qd1
Qb2 28. Kg2 Rc1 29. Qe2 Qxb3 30. h4 Qd1 31. Qxd1 Rxd1 32. Be2 Ra1 33. h5 Rxa4
34. hxg6 fxg6 35. f3 Ra2 36. Kf2 Kg7 37. e4 b5 38. Ke3 b4 39. Kd3 a5 40. Bd1 a4
41. e5 a3 42. Bc2 Rb2 0-1